[Event "North Bay int."]
[Site "North Bay CAN"]
[Date "1996.08.10"]
[Round "7"]
[White "Powell, Bryson"]
[Black "Southam, David"]
[Result "1/2-1/2"]
[WhiteElo "2084"]
[BlackElo "2308"]
[PlyCount "97"]
[EventDate "1996.08.07"]
[EventType "swiss"]
[EventRounds "9"]
[EventCountry "CAN"]

1. e4 c5 2. Nf3 e6 3. d4 cxd4 4. Nxd4 Nc6 5. Nxc6 bxc6 6. Bd3 d5 7. c4 Nf6 8.
cxd5 cxd5 9. exd5 Qxd5 10. Be2 Bb4+ 11. Bd2 Bxd2+ 12. Nxd2 Rb8 13. Nc4 O-O 14.
O-O Ba6 15. b3 Rfd8 16. Qc1 Qc5 17. Re1 Rd4 18. Ne3 Qa5 19. Bxa6 Qxa6 20. Qc2
Rc8 21. Qb2 Rcd8 22. Rad1 Rxd1 23. Rxd1 Rxd1+ 24. Nxd1 Qd3 25. Ne3 h5 26. Qc2
Qd4 27. h3 Ne4 28. g3 Nxg3 29. fxg3 Qxe3+ 30. Kh2 h4 31. gxh4 Qf4+ 32. Kg2 Qxh4
33. Qc8+ Kh7 34. Qc7 Qg5+ 35. Kh1 Qd5+ 36. Kg1 Qd1+ 37. Kg2 Qe2+ 38. Kh1 Qf1+
39. Kh2 Qf2+ 40. Kh1 Kg6 41. a4 Kh5 42. a5 Kh4 43. Qh2 Qe1+ 44. Qg1 Qe4+ 45.
Qg2 Qe1+ 46. Kh2 Qe5+ 47. Kg1 Qe1+ 48. Qf1 Qg3+ 49. Qg2 1/2-1/2

[Event "North Bay int."]
[Site "North Bay CAN"]
[Date "1996.08.10"]
[Round "7"]
[White "Rajlich, Vasik"]
[Black "Peckford, William"]
[Result "1-0"]
[WhiteElo "2340"]
[BlackElo "2314"]
[PlyCount "57"]
[EventDate "1996.08.07"]
[EventType "swiss"]
[EventRounds "9"]
[EventCountry "CAN"]

1. e4 c5 2. Nf3 d6 3. d4 cxd4 4. Nxd4 Nf6 5. Nc3 g6 6. Be3 Bg7 7. f3 O-O 8. Qd2
Nc6 9. g4 Be6 10. O-O-O Ne5 11. h4 Bc4 12. Bh6 Bxf1 13. Rdxf1 Nc4 14. Qg5 Nxe4
15. fxe4 Bxd4 16. Rh3 e6 17. Bxf8 Qxf8 18. h5 Rc8 19. hxg6 hxg6 20. Nd1 Qg7 21.
c3 Be5 22. Qe7 Na5 23. Rhf3 Rf8 24. g5 d5 25. exd5 exd5 26. Ne3 d4 27. Ng4 Nc6
28. Qxb7 Nd8 29. Qd5 1-0

[Event "North Bay int."]
[Site "North Bay CAN"]
[Date "1996.08.10"]
[Round "7"]
[White "Salman, Joel"]
[Black "Guo, Joshua"]
[Result "1-0"]
[WhiteElo "2356"]
[BlackElo "2209"]
[PlyCount "71"]
[EventDate "1996.08.07"]
[EventType "swiss"]
[EventRounds "9"]
[EventCountry "CAN"]

1. d4 Nf6 2. c4 c5 3. d5 b5 4. cxb5 a6 5. b6 Qxb6 6. Nc3 g6 7. a4 d6 8. a5 Qc7
9. e4 Bg7 10. Bc4 O-O 11. f4 Nbd7 12. Nf3 Rb8 13. O-O Re8 14. Re1 Rb4 15. Qe2
Nb8 16. e5 dxe5 17. fxe5 Ng4 18. Bf4 e6 19. h3 Nh6 20. g4 Bb7 21. Bh2 Qd7 22.
Rad1 Qc7 23. b3 Qxa5 24. dxe6 fxe6 25. Ng5 Rb6 26. Nce4 Bxe4 27. Qxe4 Nf7 28.
Nxf7 Kxf7 29. Rf1+ Kg8 30. Qf4 Rf8 31. Qg5 Qc3 32. Rd8 Nd7 33. Rxd7 Rxf1+ 34.
Bxf1 Rxb3 35. Rd8+ Bf8 36. Bf4 1-0

[Event "North Bay int."]
[Site "North Bay CAN"]
[Date "1996.08.10"]
[Round "7"]
[White "Southam, Todd"]
[Black "Saleh, Maher"]
[Result "1/2-1/2"]
[WhiteElo "2398"]
[BlackElo "2280"]
[PlyCount "91"]
[EventDate "1996.08.07"]
[EventType "swiss"]
[EventRounds "9"]
[EventCountry "CAN"]

1. d4 Nf6 2. c4 g6 3. g3 Bg7 4. Bg2 d5 5. cxd5 Nxd5 6. Nf3 O-O 7. O-O c5 8.
dxc5 Na6 9. Ng5 Ndb4 10. Nc3 Qxd1 11. Rxd1 Nxc5 12. Be3 Nca6 13. Rac1 Nc6 14.
a3 Nc7 15. b4 Ne6 16. b5 Ncd4 17. Nxe6 Nxe6 18. Nd5 Re8 19. Nc7 Nxc7 20. Rxc7
Be5 21. Bxb7 Bxc7 22. Bxa8 Bb6 23. Bc6 Rf8 24. Bh6 Rd8 25. Rxd8+ Bxd8 26. Be3
Bb6 27. Bxb6 axb6 28. a4 Kg7 29. f4 Kf6 30. e4 g5 31. a5 bxa5 32. b6 gxf4 33.
gxf4 Ke6 34. b7 Bxb7 35. Bxb7 Kd6 36. Bd5 f5 37. Kf2 e5 38. Ba2 exf4 39. exf5
Ke5 40. Bb1 a4 41. Kf3 a3 42. Kg4 f3 43. Kxf3 a2 44. Bxa2 Kxf5 45. Bb1+ Kf6 46.
Bg6 1/2-1/2

[Event "North Bay int."]
[Site "North Bay CAN"]
[Date "1996.08.10"]
[Round "7"]
[White "Teodoro, Eduardo"]
[Black "Castaneda, Nelson"]
[Result "1-0"]
[WhiteElo "2453"]
[BlackElo "2272"]
[PlyCount "63"]
[EventDate "1996.08.07"]
[EventType "swiss"]
[EventRounds "9"]
[EventCountry "CAN"]

1. e4 c5 2. Nf3 Nc6 3. d4 cxd4 4. Nxd4 Nf6 5. Nc3 d6 6. Bc4 Qb6 7. Nxc6 bxc6 8.
O-O e5 9. Kh1 Be7 10. f4 O-O 11. f5 Bb7 12. Bg5 Rad8 13. Qf3 Qc5 14. Bd3 Rd7
15. Rae1 Qb4 16. Nd1 h6 17. Bh4 d5 18. Bxf6 Bxf6 19. Nf2 Bh4 20. f6 Bxf6 21.
Ng4 Rd6 22. Qg3 Bg5 23. c3 Qa5 24. Nxe5 Re6 25. exd5 cxd5 26. Bf5 Re7 27. Nd7
Rd8 28. h4 Rxe1 29. Rxe1 d4 30. Re5 Qxa2 31. hxg5 Qxb2 32. cxd4 1-0

[Event "North Bay int."]
[Site "North Bay CAN"]
[Date "1996.08.10"]
[Round "7"]
[White "Tipu, Vincent"]
[Black "Day, Lawrence"]
[Result "1/2-1/2"]
[WhiteElo "2348"]
[BlackElo "2444"]
[PlyCount "48"]
[EventDate "1996.08.07"]
[EventType "swiss"]
[EventRounds "9"]
[EventCountry "CAN"]

1. e4 g6 2. d4 d6 3. Bc4 Bg7 4. Nf3 e6 5. O-O Nd7 6. Re1 b6 7. Bg5 Ne7 8. Nc3
Bb7 9. Qd2 h6 10. Be3 a6 11. Bb3 Kf8 12. Rad1 Kg8 13. h3 Kh7 14. Nh2 Qf8 15. f3
Rd8 16. Ne2 e5 17. c3 f5 18. exf5 Nxf5 19. Bf2 Bf6 20. Ng3 Bg5 21. Qd3 Nh4 22.
Ne4 Be7 23. Qc4 Rc8 24. Qe6 Rd8 1/2-1/2

[Event "North Bay int."]
[Site "North Bay CAN"]
[Date "1996.08.10"]
[Round "7"]
[White "Williams, Paul"]
[Black "Djerkovic, Miladin"]
[Result "1-0"]
[WhiteElo "2255"]
[BlackElo "2323"]
[PlyCount "57"]
[EventDate "1996.08.07"]
[EventType "swiss"]
[EventRounds "9"]
[EventCountry "CAN"]

1. Nf3 Nf6 2. c4 g6 3. Nc3 Bg7 4. d4 d6 5. e4 O-O 6. h3 Nc6 7. Bg5 h6 8. Be3 e5
9. d5 Ne7 10. Qd2 Kh7 11. g4 Nfg8 12. g5 h5 13. Be2 f5 14. gxf6 Rxf6 15. Ng5+
Kh8 16. O-O-O a6 17. f4 exf4 18. Bxf4 Qf8 19. Rdf1 Bd7 20. c5 Nh6 21. cxd6 cxd6
22. Bxd6 Rxd6 23. Rxf8+ Rxf8 24. Rf1 Rxf1+ 25. Bxf1 Rf6 26. Bg2 Rf8 27. Qe3 Be5
28. Ne2 Kg7 29. Nf3 1-0

[Event "North Bay int."]
[Site "North Bay CAN"]
[Date "1996.08.10"]
[Round "7"]
[White "Winterton, Ken"]
[Black "Ristovic, Nenad"]
[Result "0-1"]
[WhiteElo "2015"]
[BlackElo "2302"]
[PlyCount "118"]
[EventDate "1996.08.07"]
[EventType "swiss"]
[EventRounds "9"]
[EventCountry "CAN"]

1. d4 d5 2. c4 e6 3. Nc3 c6 4. e3 Nf6 5. Bd3 Nbd7 6. cxd5 exd5 7. Nf3 Bd6 8.
O-O O-O 9. e4 dxe4 10. Nxe4 Nxe4 11. Bxe4 h6 12. Bd2 Nf6 13. Bc2 Nd5 14. Re1
Bg4 15. Bc3 Nf4 16. h3 Bh5 17. Bf5 Qf6 18. Bg4 Qg6 19. Nh4 Qg5 20. Nf5 Rfd8 21.
Qf3 Qxf5 22. Bxf5 Bxf3 23. gxf3 g6 24. Bc2 Nxh3+ 25. Kf1 Nf4 26. Re4 Ne6 27.
Rae1 Ng5 28. R4e3 h5 29. Rd3 Re8 30. Rxe8+ Rxe8 31. d5 c5 32. Bd1 c4 33. Rd4 b5
34. Rh4 Be7 35. Rd4 Bf6 36. Rd2 Bxc3 37. bxc3 Rd8 38. Kg2 Kf8 39. Bc2 Ke7 40.
f4 Ne6 41. Kg3 Nc5 42. f5 Kf6 43. fxg6 fxg6 44. Rd4 Rd6 45. Kf3 g5 46. a4 a6
47. axb5 axb5 48. Ke3 Ke5 49. Bd1 h4 50. Bf3 Na4 51. Kd2 Rf6 52. Ke3 Nxc3 53.
Rg4 Nxd5+ 54. Bxd5 Kxd5 55. Rxg5+ Kc6 56. Rh5 Rd6 57. f4 c3 58. Rh8 b4 59. Rc8+
Kd7 0-1

[Event "North Bay int."]
[Site "North Bay CAN"]
[Date "1996.08.11"]
[Round "8"]
[White "Boudy Bueno, Julio"]
[Black "Rajlich, Vasik"]
[Result "0-1"]
[WhiteElo "2281"]
[BlackElo "2340"]
[PlyCount "58"]
[EventDate "1996.08.07"]
[EventType "swiss"]
[EventRounds "9"]
[EventCountry "CAN"]

1. e4 c5 2. Nf3 d6 3. d4 cxd4 4. Nxd4 Nf6 5. Nc3 a6 6. Nb3 Nc6 7. Bg5 e6 8. Qd2
h6 9. Bf4 b5 10. a3 Bb7 11. O-O-O e5 12. Be3 Be7 13. f3 O-O 14. Kb1 b4 15. axb4
Nxb4 16. Na4 d5 17. Nac5 Bxc5 18. Bxc5 a5 19. c3 a4 20. Bxf8 Qxf8 21. Nc1 Na6
22. exd5 Bxd5 23. c4 Be6 24. g4 e4 25. fxe4 Nxe4 26. Qf4 Nac5 27. Nd3 a3 28.
Nxc5 Nxc5 29. Bg2 Qb8 0-1

[Event "North Bay int."]
[Site "North Bay CAN"]
[Date "1996.08.11"]
[Round "8"]
[White "Bugbee, Brian"]
[Black "Desjardins, Andre"]
[Result "1-0"]
[WhiteElo "2013"]
[BlackElo "2252"]
[PlyCount "69"]
[EventDate "1996.08.07"]
[EventType "swiss"]
[EventRounds "9"]
[EventCountry "CAN"]

1. e4 c5 2. Nf3 Nc6 3. c3 d5 4. exd5 Qxd5 5. d4 e6 6. Be2 Nf6 7. O-O cxd4 8.
cxd4 Be7 9. Nc3 Qd8 10. Bg5 O-O 11. Qd2 b6 12. Rfd1 Nb4 13. Rac1 Bb7 14. Ne5
Rc8 15. Bb5 Rc7 16. Bf4 Bd6 17. Bg5 a6 18. Ba4 Be7 19. f3 b5 20. Bb3 Qa8 21. a4
Rd8 22. Qe2 bxa4 23. Bxa4 Nc6 24. Bf4 Rcc8 25. Nxc6 Bxc6 26. Bxc6 Rxc6 27. Ra1
Bd6 28. Be3 Bb4 29. Ne4 Nxe4 30. fxe4 a5 31. Rac1 Rxc1 32. Bxc1 Qc6 33. h3 h6
34. Bf4 Qc8 35. Kh2 1-0

[Event "North Bay int."]
[Site "North Bay CAN"]
[Date "1996.08.11"]
[Round "8"]
[White "Castaneda, Nelson"]
[Black "Southam, Todd"]
[Result "0-1"]
[WhiteElo "2272"]
[BlackElo "2398"]
[PlyCount "128"]
[EventDate "1996.08.07"]
[EventType "swiss"]
[EventRounds "9"]
[EventCountry "CAN"]

1. e4 e5 2. Nf3 Nc6 3. Bb5 a6 4. Ba4 Nf6 5. O-O Be7 6. Re1 b5 7. Bb3 d6 8. c3
O-O 9. h3 Nb8 10. d4 Nbd7 11. Nbd2 Bb7 12. Bc2 Re8 13. Nf1 Bf8 14. Ng3 g6 15.
Bg5 h6 16. Bd2 c5 17. d5 c4 18. b4 cxb3 19. axb3 Rc8 20. Bd3 Nb6 21. Qb1 Nfd7
22. c4 bxc4 23. bxc4 Rb8 24. Ba5 Ba8 25. Qc2 Nc5 26. Reb1 Re7 27. Rb4 Reb7 28.
Rab1 Be7 29. Bf1 Qc7 30. Ne1 Bd8 31. Nd3 Nxd3 32. Bxd3 Qc5 33. Qa2 Nxd5 34.
Rxb7 Bxb7 35. Rxb7 Rxb7 36. Bxd8 Nb4 37. Qd2 Nxd3 38. Qxd3 Qd4 39. Qf3 Rb1+ 40.
Kh2 Qd1 41. Qxd1 Rxd1 42. Ba5 Rd4 43. f3 Rxc4 44. Ne2 d5 45. exd5 Rc5 46. Bb6
Rxd5 47. Kg3 f5 48. f4 a5 49. fxe5 a4 50. e6 a3 51. Bd4 a2 52. Bf6 Rd6 53. Nc1
Rxe6 54. Bd4 Rd6 55. Be5 Rd5 56. Bc3 Ra5 57. Nxa2 Rxa2 58. Be5 Kf7 59. h4 Ra3+
60. Kh2 Ke6 61. Bg7 Ra4 62. g3 h5 63. Bh6 f4 64. gxf4 Kf5 0-1

[Event "North Bay int."]
[Site "North Bay CAN"]
[Date "1996.08.11"]
[Round "8"]
[White "Ceterski, Tom"]
[Black "Bell, Adam"]
[Result "1-0"]
[WhiteElo "2015"]
[BlackElo "1925"]
[PlyCount "53"]
[EventDate "1996.08.07"]
[EventType "swiss"]
[EventRounds "9"]
[EventCountry "CAN"]

1. d4 Nf6 2. c4 g6 3. Nc3 Bg7 4. e4 d6 5. f4 O-O 6. Be2 c5 7. d5 e6 8. Nf3 exd5
9. cxd5 Re8 10. Nd2 a6 11. a4 Nbd7 12. O-O Rb8 13. h3 c4 14. e5 dxe5 15. fxe5
Nxe5 16. Nxc4 Nxc4 17. Bxc4 Bd7 18. Qf3 Qb6+ 19. Kh1 Rbc8 20. Ba2 h5 21. Bb1
Qd4 22. Bg5 Nh7 23. Qxf7+ Kh8 24. Qxg6 Nxg5 25. Qxh5+ Kg8 26. Qxg5 Rf8 27. Bg6
1-0

[Event "North Bay int."]
[Site "North Bay CAN"]
[Date "1996.08.11"]
[Round "8"]
[White "Chow, Albert"]
[Black "Lindsay, Fred"]
[Result "0-1"]
[WhiteElo "2366"]
[BlackElo "2316"]
[PlyCount "49"]
[EventDate "1996.08.07"]
[EventType "swiss"]
[EventRounds "9"]
[EventCountry "CAN"]

1. Nf3 c5 2. c4 Nf6 3. Nc3 Nc6 4. g3 d5 5. cxd5 Nxd5 6. Nxd5 Qxd5 7. Bg2 g6 8.
O-O Bg7 9. d3 Qd6 10. Rb1 O-O 11. a3 Rd8 12. Nd2 Qc7 13. Nc4 Bg4 14. h3 Be6 15.
b3 Rac8 16. Bb2 Bxb2 17. Rxb2 Nd4 18. Kh2 b5 19. Nd2 Qe5 20. Qb1 Qxe2 21. Ne4
Nf3+ 22. Bxf3 Qxf3 23. Rd2 Bd5 24. Re1 Bxe4 25. Rxe4 0-1

[Event "North Bay int."]
[Site "North Bay CAN"]
[Date "1996.08.11"]
[Round "8"]
[White "Chu, Christopher"]
[Black "Peckford, William"]
[Result "1-0"]
[WhiteElo "2183"]
[BlackElo "2314"]
[PlyCount "93"]
[EventDate "1996.08.07"]
[EventType "swiss"]
[EventRounds "9"]
[EventCountry "CAN"]

1. d4 Nf6 2. c4 g6 3. Nc3 Bg7 4. e4 d6 5. f3 O-O 6. Be3 e5 7. d5 c6 8. Qd2 cxd5
9. cxd5 a6 10. O-O-O Nbd7 11. Kb1 b5 12. Bd3 Nc5 13. Nce2 Bd7 14. g4 Ne8 15.
Ng3 Nxd3 16. Qxd3 f5 17. gxf5 gxf5 18. Nf1 f4 19. Bf2 b4 20. h4 Bf6 21. Rc1 Kh8
22. Qd2 Rb8 23. Qe1 Bb5 24. Nd2 Rf7 25. Nh3 Rc7 26. Rxc7 Qxc7 27. Ng5 Ng7 28.
Qc1 Qd7 29. Nc4 Rc8 30. b3 h6 31. Qc2 Qc7 32. Nf7+ Qxf7 33. Nxd6 Rxc2 34. Nxf7+
Kg8 35. Nxh6+ Kh7 36. Kxc2 Kxh6 37. Bc5 Be2 38. Rh3 Nh5 39. Kd2 Bf1 40. Rh2 a5
41. Bb6 Be7 42. Bc7 Bc5 43. Bxe5 Bg1 44. d6 Bb5 45. Rg2 Be3+ 46. Ke1 Ng3 47.
Rc2 1-0

[Event "North Bay int."]
[Site "North Bay CAN"]
[Date "1996.08.11"]
[Round "8"]
[White "Cossette, Daniel"]
[Black "Bidal, Jay"]
[Result "0-1"]
[WhiteElo "2205"]
[BlackElo "2288"]
[PlyCount "110"]
[EventDate "1996.08.07"]
[EventType "swiss"]
[EventRounds "9"]
[EventCountry "CAN"]

1. e4 c5 2. Nc3 Nc6 3. g3 g6 4. Bg2 Bg7 5. d3 e6 6. f4 Nge7 7. Nf3 O-O 8. O-O
d6 9. Be3 Nd4 10. e5 Nef5 11. Bf2 Nxf3+ 12. Qxf3 Nd4 13. Qd1 dxe5 14. fxe5 Bxe5
15. Ne4 f5 16. Nxc5 Qc7 17. b4 b6 18. Bxa8 bxc5 19. c3 Nb5 20. Bxc5 Nxc3 21.
Qf3 Rd8 22. Rfc1 Ba6 23. Rxc3 Bxc3 24. Rd1 Bxb4 25. Bxb4 Qb6+ 26. Qf2 Qxb4 27.
Qxa7 Qd4+ 28. Qxd4 Rxd4 29. Bf3 Rxd3 30. Rxd3 Bxd3 31. a4 Ba6 32. Kf2 Kf8 33.
a5 Ke7 34. Ke3 Kd6 35. Kd4 e5+ 36. Kc3 Kc5 37. Bd1 Bc4 38. Ba4 Be6 39. Be8 g5
40. Ba4 h6 41. Be8 f4 42. gxf4 gxf4 43. Kd3 Bd5 44. Ke2 e4 45. Kf2 Bc4 46. Bg6
Bd3 47. Be8 Kb4 48. a6 Bxa6 49. Bc6 Bd3 50. h4 Kc3 51. Ke1 Kd4 52. Kf2 Bc4 53.
Bb7 Bd5 54. Ba6 e3+ 55. Kf1 Bc4+ 0-1

[Event "North Bay int."]
[Site "North Bay CAN"]
[Date "1996.08.11"]
[Round "8"]
[White "Day, Lawrence"]
[Black "Balandin, Aleksey"]
[Result "1-0"]
[WhiteElo "2444"]
[BlackElo "2448"]
[PlyCount "111"]
[EventDate "1996.08.07"]
[EventType "swiss"]
[EventRounds "9"]
[EventCountry "CAN"]

1. e4 c6 2. d4 d5 3. e5 Na6 4. c3 Nc7 5. Bd3 g6 6. Na3 h5 7. Nc2 Nh6 8. Ne3 Nf5
9. Nxf5 Bxf5 10. Bxf5 gxf5 11. h4 Qd7 12. Ne2 Bh6 13. Bxh6 Rxh6 14. Qd2 Rh8 15.
Rh3 O-O-O 16. Rg3 Rdg8 17. Rxg8+ Rxg8 18. Kf1 Qe6 19. Nf4 Qh6 20. Qe3 Kd8 21.
g3 Rh8 22. Qd3 Ne6 23. Qxf5 Nxf4 24. Qxf4 Qxf4 25. gxf4 Rg8 26. f3 e6 27. b3
Ke7 28. Kf2 Rg7 29. c4 Rg8 30. Rc1 Kd7 31. a4 b6 32. a5 Rb8 33. axb6 Rxb6 34.
Ra1 Rb7 35. Ra5 dxc4 36. bxc4 Ke8 37. Ke3 Rb3+ 38. Ke4 Rc3 39. c5 Rc1 40. f5
Rh1 41. f6 Rxh4+ 42. f4 Rh1 43. Rxa7 h4 44. Ra8+ Kd7 45. Rf8 h3 46. Rxf7+ Ke8
47. Re7+ Kf8 48. Kf3 Rg1 49. Rh7 Rd1 50. Rxh3 Rxd4 51. Rh8+ Kf7 52. Rh7+ Kg6
53. Rg7+ Kh6 54. Rg1 Kh7 55. f7 Rd8 56. f5 1-0

[Event "North Bay int."]
[Site "North Bay CAN"]
[Date "1996.08.11"]
[Round "8"]
[White "Djerkovic, Miladin"]
[Black "Hathaway, John"]
[Result "1/2-1/2"]
[WhiteElo "2323"]
[BlackElo "2188"]
[PlyCount "52"]
[EventDate "1996.08.07"]
[EventType "swiss"]
[EventRounds "9"]
[EventCountry "CAN"]

1. e4 e6 2. d4 d5 3. Nc3 Nf6 4. Bg5 Bb4 5. e5 h6 6. Bd2 Bxc3 7. bxc3 Ne4 8. Qg4
g6 9. Bd3 Nxd2 10. Kxd2 c5 11. Nf3 Nc6 12. Rhb1 c4 13. Be2 b6 14. h4 Qe7 15.
Nh2 h5 16. Qg3 Bd7 17. f4 O-O-O 18. Qg5 Kc7 19. Nf1 Qxg5 20. fxg5 Ne7 21. Ne3
Nf5 22. Rh1 Ng3 23. Rh3 Ne4+ 24. Ke1 Nxc3 25. Rf3 Nxe2 26. Kxe2 Be8 1/2-1/2

[Event "North Bay int."]
[Site "North Bay CAN"]
[Date "1996.08.11"]
[Round "8"]
[White "Dougherty, Michael"]
[Black "Williams, Paul"]
[Result "1-0"]
[WhiteElo "2310"]
[BlackElo "2255"]
[PlyCount "69"]
[EventDate "1996.08.07"]
[EventType "swiss"]
[EventRounds "9"]
[EventCountry "CAN"]

1. e4 c5 2. Nf3 Nc6 3. d4 cxd4 4. Nxd4 g6 5. Be2 Bg7 6. Nb3 Nf6 7. Nc3 O-O 8.
O-O d6 9. Bg5 Be6 10. Kh1 Na5 11. f4 Bc4 12. Bd3 Rc8 13. Qe2 Bxd3 14. cxd3 Nxb3
15. axb3 a6 16. Ra4 Rc6 17. b4 Qd7 18. Ra5 h6 19. Bh4 Re8 20. b5 axb5 21. Bxf6
Bxf6 22. Nd5 Rc5 23. f5 g5 24. Ne3 Bd4 25. b4 Rcc8 26. h4 Bf6 27. Nd5 Qc6 28.
Qe3 Kg7 29. g3 Rh8 30. Ra2 Qe8 31. Rg2 Bc3 32. d4 e6 33. f6+ Kf8 34. Nxc3 Qc6
35. Rc1 1-0

[Event "North Bay int."]
[Site "North Bay CAN"]
[Date "1996.08.11"]
[Round "8"]
[White "Filipovich, David"]
[Black "Evans, Bill"]
[Result "1-0"]
[WhiteElo "2299"]
[BlackElo "2233"]
[PlyCount "87"]
[EventDate "1996.08.07"]
[EventType "swiss"]
[EventRounds "9"]
[EventCountry "CAN"]

1. Nf3 g6 2. d4 Bg7 3. c3 b6 4. Bg5 Bb7 5. e3 Nf6 6. Nbd2 d6 7. Bc4 O-O 8. O-O
Nbd7 9. Qe2 c6 10. Ba6 Qc8 11. Bxb7 Qxb7 12. e4 Kh8 13. e5 Ng8 14. exd6 exd6
15. Ne4 Rae8 16. Qc2 Re6 17. Bf4 d5 18. Nd6 Qa6 19. Ng5 Rf6 20. Be5 Nxe5 21.
dxe5 Rf4 22. Rae1 Bh6 23. g3 Bxg5 24. gxf4 Bxf4 25. c4 Qa5 26. cxd5 cxd5 27.
Qc7 Nh6 28. Qe7 Kg8 29. Qh4 Bd2 30. Re2 Qb4 31. Qxb4 Bxb4 32. Rd1 Rd8 33. Rxd5
Nf5 34. a3 Bxd6 35. exd6 Rxd6 36. Rxd6 Nxd6 37. Rd2 Nc4 38. Rc2 b5 39. a4 a6
40. b3 Na5 41. axb5 axb5 42. Rc8+ Kg7 43. b4 Nc4 44. Rc5 1-0

[Event "North Bay int."]
[Site "North Bay CAN"]
[Date "1996.08.11"]
[Round "8"]
[White "Fogarasi, Norbert"]
[Black "Fiedler, Brian"]
[Result "0-1"]
[WhiteElo "2059"]
[BlackElo "2285"]
[PlyCount "56"]
[EventDate "1996.08.07"]
[EventType "swiss"]
[EventRounds "9"]
[EventCountry "CAN"]

1. d4 e6 2. c3 f5 3. f4 b6 4. e3 Bb7 5. Nf3 Nf6 6. b3 Be7 7. Ba3 O-O 8. Bxe7
Qxe7 9. Bc4 Ne4 10. Qc2 g5 11. h4 g4 12. Nfd2 Nd6 13. Bf1 a5 14. c4 c5 15. dxc5
Ne4 16. Nxe4 Bxe4 17. Bd3 Qxc5 18. Bxe4 Qxe3+ 19. Qe2 Qc1+ 20. Qd1 Qxd1+ 21.
Kxd1 fxe4 22. g3 Nc6 23. Nc3 d5 24. Ke2 Nd4+ 25. Kf2 e3+ 26. Kg2 dxc4 27. bxc4
Rac8 28. Rhd1 Rxc4 0-1

[Event "North Bay int."]
[Site "North Bay CAN"]
[Date "1996.08.11"]
[Round "8"]
[White "Goldenberg, Danny"]
[Black "Tipu, Vincent"]
[Result "0-1"]
[WhiteElo "2371"]
[BlackElo "2348"]
[PlyCount "102"]
[EventDate "1996.08.07"]
[EventType "swiss"]
[EventRounds "9"]
[EventCountry "CAN"]

1. d4 Nf6 2. Nc3 d5 3. e4 Nxe4 4. Nxe4 dxe4 5. Bb5+ Bd7 6. Qe2 Bc6 7. Be3 e6 8.
O-O-O Be7 9. Bxc6+ Nxc6 10. Qg4 Qd5 11. b3 Qa5 12. Kb1 Nb4 13. a4 Nd5 14. Ne2
O-O 15. Bd2 Qa6 16. Qxe4 c5 17. Nc3 Nf6 18. Qe2 cxd4 19. Nb5 Qc6 20. f3 Rfd8
21. Be1 Bc5 22. Bf2 Nd5 23. Qd3 Nb4 24. Qc4 Rac8 25. c3 dxc3 26. Rxd8+ Rxd8 27.
Bxc5 c2+ 28. Kc1 Nd3+ 29. Kxc2 Nxc5 30. b4 Nd3 31. Kc3 Qd7 32. Kb3 Ne5 33. Qe4
Nc6 34. Nc3 Qd2 35. Rd1 Nd4+ 36. Qxd4 Rxd4 37. Rxd2 Rxd2 38. a5 Kf8 39. Ne4
Rxg2 40. Nd6 Rxh2 41. Nxb7 Rf2 42. b5 Rxf3+ 43. Kb4 Ke7 44. a6 Rf1 45. Na5 Rc1
46. Nc4 Kd8 47. b6 Rb1+ 48. Ka5 axb6+ 49. Nxb6 Kc7 50. Nc4 Kb8 51. Nd6 f5 0-1

[Event "North Bay int."]
[Site "North Bay CAN"]
[Date "1996.08.11"]
[Round "8"]
[White "Gonzales, Jorge A"]
[Black "Campbell, Brett"]
[Result "1-0"]
[WhiteElo "2532"]
[BlackElo "2295"]
[PlyCount "81"]
[EventDate "1996.08.07"]
[EventType "swiss"]
[EventRounds "9"]
[EventCountry "CAN"]

1. d4 f5 2. Nf3 Nf6 3. g3 g6 4. Bg2 Bg7 5. O-O O-O 6. c4 d6 7. Nc3 Nc6 8. d5
Na5 9. Qd3 c5 10. Nd2 a6 11. h3 Bd7 12. Rb1 Rb8 13. b3 b5 14. Bb2 bxc4 15. bxc4
Qc7 16. Qc2 Rb4 17. Ba3 Rxb1 18. Rxb1 Rb8 19. Re1 Bh6 20. e3 e5 21. dxe6 Bxe6
22. Nd5 Bxd5 23. cxd5 Bg7 24. Bb2 Nb7 25. Bc3 Nd8 26. Qa4 Nf7 27. Qxa6 Rb6 28.
Qc4 Qb7 29. a4 Nh5 30. g4 fxg4 31. hxg4 Nf6 32. a5 Rb4 33. Bxb4 cxb4 34. a6 Qa7
35. Qc8+ Bf8 36. Rc1 b3 37. Qb7 b2 38. Rc7 Qxb7 39. Rxb7 Nd8 40. Rxb2 Nxg4 41.
a7 1-0

[Event "North Bay int."]
[Site "North Bay CAN"]
[Date "1996.08.11"]
[Round "8"]
[White "Gross, Ronald"]
[Black "Olszewski, Piotr"]
[Result "0-1"]
[WhiteElo "2116"]
[BlackElo "2276"]
[PlyCount "43"]
[EventDate "1996.08.07"]
[EventType "swiss"]
[EventRounds "9"]
[EventCountry "CAN"]

1. d4 Nf6 2. c4 e6 3. Nc3 c5 4. d5 exd5 5. cxd5 Bd6 6. Nf3 Bc7 7. g3 d6 8. Bg2
a6 9. a4 O-O 10. O-O Nbd7 11. Nd2 Rb8 12. e4 b5 13. Qe2 c4 14. h3 Re8 15. axb5
axb5 16. Kh2 Nc5 17. Nxb5 Rxb5 18. Qxc4 Rb6 19. Rd1 Ba6 20. Qd4 Qb8 21. Rxa6
Rxa6 22. f4 0-1

[Event "North Bay int."]
[Site "North Bay CAN"]
[Date "1996.08.11"]
[Round "8"]
[White "Kamberi, Sonny"]
[Black "Milicevic, Goran"]
[Result "0-1"]
[WhiteElo "2316"]
[BlackElo "2393"]
[PlyCount "50"]
[EventDate "1996.08.07"]
[EventType "swiss"]
[EventRounds "9"]
[EventCountry "CAN"]

1. e4 e6 2. d4 d5 3. Nd2 Nf6 4. e5 Nfd7 5. Bd3 c5 6. c3 Nc6 7. Ne2 cxd4 8. cxd4
f6 9. exf6 Nxf6 10. O-O Bd6 11. Nf3 O-O 12. Nc3 Kh8 13. Bg5 Qe8 14. Nb5 Bb8 15.
Re1 Qh5 16. h3 a6 17. Nc3 Nxd4 18. Nxd4 Qxg5 19. Nxe6 Bxe6 20. Rxe6 Nh5 21. Qf1
Ba7 22. Re2 Nf4 23. Rc2 Nxh3+ 24. Kh1 Nxf2+ 25. Rxf2 Bxf2 0-1

[Event "North Bay int."]
[Site "North Bay CAN"]
[Date "1996.08.11"]
[Round "8"]
[White "Karklins, Andrew"]
[Black "Gordon, David"]
[Result "1-0"]
[WhiteElo "2380"]
[BlackElo "2157"]
[PlyCount "53"]
[EventDate "1996.08.07"]
[EventType "swiss"]
[EventRounds "9"]
[EventCountry "CAN"]

1. e4 c5 2. Nf3 Nc6 3. d4 cxd4 4. Nxd4 Nf6 5. Nc3 e5 6. Nf5 d5 7. exd5 Bxf5 8.
dxc6 bxc6 9. Qf3 Qc8 10. Bg5 Be7 11. Bd3 Bxd3 12. cxd3 O-O 13. O-O Qb7 14. b3
Rfe8 15. Bxf6 Bxf6 16. Ne4 Be7 17. Rac1 Qa6 18. Qe2 f5 19. Ng3 Bg5 20. Rc4 g6
21. Qc2 Red8 22. Re1 Qa5 23. Rd1 Rac8 24. Rc5 Qc7 25. Re1 Qd6 26. Rcxe5 Qxd3
27. Re8+ 1-0

[Event "North Bay int."]
[Site "North Bay CAN"]
[Date "1996.08.11"]
[Round "8"]
[White "Kret, Ted"]
[Black "Heyer, Jon Paul"]
[Result "1-0"]
[WhiteElo "2242"]
[BlackElo "2233"]
[PlyCount "119"]
[EventDate "1996.08.07"]
[EventType "swiss"]
[EventRounds "9"]
[EventCountry "CAN"]

1. d4 Nf6 2. c4 d6 3. Nc3 g6 4. e4 Bg7 5. f4 O-O 6. Nf3 Nh5 7. Be2 Bg4 8. O-O
Nd7 9. h3 Bxf3 10. Bxf3 Ng3 11. Re1 h5 12. e5 c6 13. e6 Nf6 14. Be3 h4 15. Qc2
Qe8 16. Bf2 Bh6 17. Bxg3 hxg3 18. f5 Kg7 19. exf7 Qxf7 20. fxg6 Qxg6 21. Rxe7+
Rf7 22. Qxg6+ Kxg6 23. Rae1 Bd2 24. R1e2 Bg5 25. R7e6 Bf4 26. Ne4 Rd8 27. Nxf6
Rxf6 28. Re7 d5 29. c5 b6 30. Rxa7 bxc5 31. dxc5 Rg8 32. Kf1 Rg7 33. Rxg7+ Kxg7
34. Ke1 Rf5 35. Re6 Re5+ 36. Rxe5 Bxe5 37. b3 Bd4 38. a4 Bxc5 39. Ke2 Kf6 40.
a5 Ke5 41. Kd3 Kd6 42. h4 Kc7 43. h5 Bf8 44. Be2 Bh6 45. a6 Kb6 46. Kd4 Bf4 47.
Bd3 Kc7 48. Kc3 Kb6 49. Kc2 c5 50. Kd1 c4 51. bxc4 Kxa6 52. cxd5+ Kb6 53. Ke2
Kc5 54. Kf3 Be5 55. Ke4 Kd6 56. Bc4 Bg7 57. Kf5 Kc5 58. Kg6 Be5 59. Ba2 Kd4 60.
Kf5 1-0